00657nas a2200193Ia 4500001001300000003001000013005001700023008004100040040002500081041000700106100003300113245017900146250003100325260000900356300001200365500005100377650002300428654001200451dg118-53637 IT-MiCISF20251224192653.0161014c99999999xx |||||||||||| ||und|| aIT-MiCISFcIT-MiCISF ait aProvincia Autonoma di Trento 0aSistema integrato delle politiche strutturali per la promozione del benessere familiare e della natalità€.b Legge provinciale n. 1 del 2 marzo 2011 e altre leggi di settore aTrentinofamiglia, n. 1.1  c2016 app. 117 a politica-familiare, legislazione, territorio  aPolitica-familiare adossier